English for economists
Na minha lista:
| Autor principal: | |
|---|---|
| Formato: | Livro |
| Idioma: | inglês tcheco |
| Publicado em: |
Praha
EKOPRESS
2006
|
| Edição: | 3. uprav. vyd. |
| Assuntos: | |
| Tags: |
Sem tags, seja o primeiro a adicionar uma tag!
|
MARC
| LEADER | 00000nam$a2200000$$$4500 | ||
|---|---|---|---|
| 001 | 0065139 | ||
| 005 | 20240104115223.8 | ||
| 020 | |a 80-86119-52-1 | ||
| 041 | 0 | |a eng | |
| 041 | 0 | |a cze | |
| 044 | |a CZ | ||
| 245 | 1 | 0 | |a English for economists |c Halka Čapková a kolektiv |
| 250 | |a 3. uprav. vyd. | ||
| 264 | 1 | |a Praha |b EKOPRESS |c 2006 | |
| 300 | |a 562 s. |e 2 CD audio | ||
| 610 | 2 | 0 | |a ekonómovia |
| 610 | 2 | 0 | |a ekonómia |
| 610 | 2 | 0 | |a jazyky cudzie |
| 610 | 2 | 0 | |a jazykoveda |
| 610 | 2 | 0 | |a terminológia |
| 100 | 1 | |a Čapková, Halka | |